Las capitulaciones matrimoniales y la hipoteca por razón de dote (Record no. 164738)

MARC details
000 -LEADER
campo de control de longitud fija 00936nam a22001935i 4500
001 - NÚMERO DE CONTROL
campo de control 164738
003 - IDENTIFICADOR DE NÚMERO DE CONTROL
campo de control ES-MaACL
005 - FECHA Y HORA DE LA ÚLTIMA TRANSACCIÓN
campo de control 20250807082103.0
008 - DATOS DE LONGITUD FIJA--INFORMACIÓN GENERAL
campo de control de longitud fija 030311s1878 sp |||| | spa d
040 ## - FUENTE DE CATALOGACIÓN
Centro catalogador/agencia de origen CCPB | B
Lengua de catalogación spa
Centro/agencia transcriptor CCPB | B
100 1# - ENTRADA PRINCIPAL--NOMBRE DE PERSONA
Nombre de persona Santamaría, Victorino.
9 (RLIN) 132428
245 10 - MENCIÓN DEL TÍTULO
Título Las capitulaciones matrimoniales y la hipoteca por razón de dote
Resto del título : formularios de dicho contrato e inscripciones correspondientes, notas marginales, solicitudes y expedientes de información que se instruyen ante los jueces municipales para justificar el cumplimento de las condiciones resolutorias que tienen lugar en el mismo /
Mención de responsabilidad, etc. por Victorino Santamaría.
260 ## - PUBLICACIÓN, DISTRIBUCIÓN, ETC.
Lugar de publicación, distribución, etc. Barcelona :
Nombre del editor, distribuidor, etc. [s.n.],
Fecha de publicación, distribución, etc. 1878 (
Fabricante imp. del porvenir de Alfonso Bassas)
300 ## - DESCRIPCIÓN FÍSICA
Extensión 107 p. ;
Dimensiones 21 cm.
650 #7 - PUNTO DE ACCESO ADICIONAL DE MATERIA--TÉRMINO DE MATERIA
Término de materia o nombre geográfico como elemento de entrada Matrimonio (Derecho)
Fuente del encabezamiento o término embne
9 (RLIN) 144371
752 ## - ENTRADA AGREGADA--NOMBRE JERÁRQUICO DEL LUGAR
País o entidad superior España -
Ciudad Barcelona
852 ## - LOCALIZACIÓN
Ubicación ES-MaACL
Número de control de estantería D-796(2)
Nota libre -- Enc. hol.
Holdings
Estatus retirado Estado de pérdida Estado de daño No para préstamo Colección Biblioteca de origen Biblioteca actual Ubicación en estantería Fecha de adquisición Fuente de adquisición Total de préstamos Signatura topográfica completa Código de barras Visto por última vez Precio de reemplazo Tipo de ítem Koha
        Libros del s. XIX Biblioteca del Ateneo de Madrid Biblioteca del Ateneo de Madrid Sala Valle Inclán 17/01/2008     D-796(2) 901172688 23/02/2023 23/02/2023 Libro impreso antiguo